Electrónica general : equipos electrónicos de consumo
| Main Author: | |
|---|---|
| Format: | Section = Libro |
| Language: | Undetermined Spanish |
| Published: |
Madrid, España
Paraninfo
2012
|
| Edition: | 2a.ed. |
| Subjects: |
| LEADER | 00660nam a2200229Ia 4500 | ||
|---|---|---|---|
| 008 | 240829s9999 xx 000 0 und d | ||
| 020 | |a 978-84-9732-645-2 | ||
| 040 | |a BIBLIOTECA-RUSB/ 621.381 A346 | ||
| 041 | |a spa | ||
| 082 | |a 621.381 A346 | ||
| 100 | 1 | |a Alcalde San Miguel, Pablo | |
| 245 | 1 | 0 | |a Electrónica general : equipos electrónicos de consumo |
| 250 | |a 2a.ed. | ||
| 260 | |a Madrid, España |b Paraninfo |c 2012 | ||
| 300 | |a 360 p. :il. | ||
| 650 | 7 | |a ELECTRONICA | |
| 650 | 7 | |b ELECTRONICAS DIGITAL Y ANALOGICA | |
| 650 | 7 | |c CIRCUITOS-DISEÑOS | |
| 650 | 7 | |d ELECTRONICA-APARATOS E INSTRUMENTOS | |
| 942 | |c BK |2 ddc | ||
| 991 | |a TEXTO | ||
| 999 | |c 3273 | ||